| 000 | 00461nam a2200157Ia 4500 | ||
|---|---|---|---|
| 008 | 210716s1992 xx 000 0 und d | ||
| 020 | _a0256094136 | ||
| 041 | _aeng | ||
| 082 | _a003 LOTV | ||
| 100 | _aLotfi, Vahid; Pegels, C Carl. | ||
| 245 |
_aDecision support systems: management science operations research. _bManagement science operations research. |
||
| 250 | _a1 | ||
| 260 |
_aBoston _bIrwin _c1992 |
||
| 300 | _a399 | ||
| 650 | _aOperations Research | ||
| 999 |
_c198736 _d198736 |
||